书目信息 |
| 题名: |
储层裂缝建模与多相流耦合理论研究
|
|
| 作者: | 唐明明 著 | |
| 分册: | ||
| 出版信息: | 天津 天津科学技术出版社 2019.10 |
|
| 页数: | 162页 | |
| 开本: | 25cm | |
| 丛书名: | ||
| 单 册: | ||
| 中图分类: | P618.130.2 | |
| 科图分类: | ||
| 主题词: | 裂隙油气藏--油气勘探--渗流--地质模型--研究 | |
| 电子资源: | ||
| ISBN: | 978-7-5576-6115-1 | |
| 000 | 00859nam0 2200229 45 | |
| 001 | 012001000033 | |
| 005 | 20140910113837.0 | |
| 010 | @a978-7-5576-6115-1@dCNY48.00 | |
| 100 | @a20190410d2019 em y0chiy50 ea | |
| 101 | 0 | @achi@deng |
| 102 | @aCN@b120000 | |
| 105 | @aa z 000yy | |
| 106 | @ar | |
| 200 | 1 | @a储层裂缝建模与多相流耦合理论研究@Achu ceng lie feng jian mo yu duo xiang liu ou he li lun yan jiu@b专著@f唐明明著 |
| 210 | @a天津@c天津科学技术出版社@d2019.10 | |
| 215 | @a162页@c图@d25cm | |
| 330 | @a本书内容包括:裂缝识别及研究方法、基于角点网格的现代地应力场数值模拟研究、随机扩展有限元多尺度裂缝建模方法、裂缝建模与多相渗流耦合研究等。 | |
| 606 | 0 | @a裂隙油气藏@x油气勘探@x渗流@x地质模型@x研究 |
| 690 | @aP618.130.2@v5 | |
| 701 | 0 | @a唐明明@Atang ming ming@4著 |
| 801 | 0 | @aCN@bBJSDL@c20211011 |
| 905 | @b1330117-20@dP618.130.2@e139@f4 | |
| 储层裂缝建模与多相流耦合理论研究/唐明明著.-天津:天津科学技术出版社,2019.10 |
| 162页:图;25cm |
| ISBN 978-7-5576-6115-1:CNY48.00 |
| 本书内容包括:裂缝识别及研究方法、基于角点网格的现代地应力场数值模拟研究、随机扩展有限元多尺度裂缝建模方法、裂缝建模与多相渗流耦合研究等。 |
| ● |
| 相关链接 |
|
|
|
|
正题名:储层裂缝建模与多相流耦合理论研究
索取号:P618.130.2/139
 
预约/预借
| 序号 | 登录号 | 条形码 | 馆藏地/架位号 | 状态 | 备注 |
| 1 | 1330117 | 213301176 | 第二样本阅览室/ [索取号:P618.130.2/139] | 在馆 | |
| 2 | 1330118 | 213301185 | 第三借阅区/ [索取号:P618.130.2/139] | 在馆 | |
| 3 | 1330119 | 213301194 | 第三借阅区/ [索取号:P618.130.2/139] | 在馆 | |
| 4 | 1330120 | 213301201 | 第三借阅区/ [索取号:P618.130.2/139] | 在馆 |